| 000 | 00612nam a22001817a 4500 | ||
|---|---|---|---|
| 003 | CEME | ||
| 005 | 20210628205718.0 | ||
| 008 | 210210b xxu||||| |||| 00| 0 eng d | ||
| 020 | _a0-89006-690-6 | ||
| 040 | _c. | ||
| 082 | _a621.38132 ROD | ||
| 100 |
_aRodrigues , Paulo J. C _976781 |
||
| 245 | _aComputer aided analysis of nonlinear microwave circuits | ||
| 260 |
_aLONDON _bARTECH HOUSE _c1998 |
||
| 300 | _a448P | ||
| 650 |
_aMICROWAVE CIRCUITS-DESIGN AND CONSTRUCTION-DATA PROCESSING ELECTRIC CIRCUITS NONLINEAR-DESIGN AND CONSTRUCTION-DATA PROCESSING COMPUTER AIDED DESIGN _976782 |
||
| 942 |
_cBK _2ddc |
||
| 999 |
_c582111 _d582111 |
||